Introduction to Catering : Ingredients for Success (Record no. 619)
[ view plain ]
| 000 -LEADER | |
|---|---|
| Fixed length control field | 00524nam a2200169 4500 |
| 003 - CONTROL NUMBER IDENTIFIER | |
| Control field | SEACOMMC |
| 005 - DATE AND TIME OF LATEST TRANSACTION | |
| Control field | 20250425130411.0 |
| 008 - FIXED-LENGTH DATA ELEMENTS--GENERAL INFORMATION | |
| Fixed length control field | 241001b |||||||| |||| 00| 0 eng d |
| 020 ## - INTERNATIONAL STANDARD BOOK NUMBER / ISBN | |
| International Standard Book Number | 0-76-681-660-5 |
| Price | Rs.295.00 |
| 040 ## - CATALOGING SOURCE | |
| Original cataloging agency | SEACOMMC |
| 082 ## - DEWEY DECIMAL CLASSIFICATION NUMBER | |
| Classification number | 642 |
| Book Number | S 558 |
| 100 ## - MAIN ENTRY--PERSONAL NAME | |
| Personal name | Shiring, Stephen B |
| 245 1# - TITLE STATEMENT | |
| Title | Introduction to Catering : Ingredients for Success |
| Statement of responsibility | Stephen B. Shiring, Sr., R. William "Bill" Jardine, Richard J. Mills, Jr. |
| 260 ## - IMPRINT | |
| Place of publication | Singapore |
| Name of publisher | Delmar |
| Date of publication | 2000 |
| 650 ## - SUBJECT ADDED ENTRY--TOPICAL TERM | |
| Topical term | Caterers and Catering |
| 942 ## - ADDED ENTRY ELEMENTS (KOHA) | |
| Koha item type | Books |
| Withdrawn status | Lost status | Source of classification | Damaged status | Not for loan | Home library | Current library | Shelving location | Date acquired | Total Checkouts | Call number | Accession number | Date last seen | Price effective from | Koha item type | Copy number |
|---|---|---|---|---|---|---|---|---|---|---|---|---|---|---|---|
| Dewey Decimal Classification | SEACOM MANAGEMENT COLLEGE | SEACOM MANAGEMENT COLLEGE | Reference | 04/10/2007 | 642 S 558 | M-387 | 01/10/2024 | 01/10/2024 | Reference Books | ||||||
| Dewey Decimal Classification | SEACOM MANAGEMENT COLLEGE | SEACOM MANAGEMENT COLLEGE | 21/11/2007 | 642 S 558 | M-991 | 25/11/2024 | 25/11/2024 | Books | 2 | ||||||
| Dewey Decimal Classification | SEACOM MANAGEMENT COLLEGE | SEACOM MANAGEMENT COLLEGE | 21/11/2007 | 642 S 558 | M-992 | 25/11/2024 | 25/11/2024 | Books | 3 | ||||||
| Dewey Decimal Classification | SEACOM MANAGEMENT COLLEGE | SEACOM MANAGEMENT COLLEGE | 21/11/2007 | 642 S 558 | M-993 | 25/11/2024 | 25/11/2024 | Books | 4 | ||||||
| Dewey Decimal Classification | SEACOM MANAGEMENT COLLEGE | SEACOM MANAGEMENT COLLEGE | 21/11/2007 | 642 S 558 | M-994 | 25/11/2024 | 25/11/2024 | Books | 5 | ||||||
| Dewey Decimal Classification | SEACOM MANAGEMENT COLLEGE | SEACOM MANAGEMENT COLLEGE | 21/11/2007 | 642 S 558 | M-995 | 25/11/2024 | 25/11/2024 | Books | 6 |
